Komik Pendidikan : Britannica : Artik dan Antartika

Bibliographic Details
Corporate Author: Bombom Bercerita (Author)
Other Authors: Kim, Duck Young (Illustrator)
Format: Book
Language:Malay
Published: Johor Bahru, Johor : Penerbitan Pelangi Sdn. Bhd. [2019
Edition:Edisi Pertama 2021
Series:Komik pendidikan Britannica
Subjects:

MARC

LEADER 00000cam a2200000 7i4500
001 0000146990
005 20230103.0
008 230103t20192021my a x k may
020 |a 9789672468035 
040 |a PERPUSTAM   |b eng   |c PERPUSTAM   |e rda 
041 |a may 
090 0 0 |a J 500   |b KOM 
245 1 0 |a Komik Pendidikan :   |b Britannica : Artik dan Antartika   |c Cerita: Bombom Bercerita (Korea) ; Ilustrasi: Kim Duck Young (Korea) 
250 |a Edisi Pertama 2021 
264 1 |a Johor Bahru, Johor :   |b Penerbitan Pelangi Sdn. Bhd.   |c [2019 
264 4 |c ©2021 
300 |a 161 pages :   |b colour illustrations, colour photographs ;   |c 23 cm. 
336 |a text  |2 rdacontent 
337 |a unmediated  |2 rdamedia 
338 |a volume  |2 rdacarrier 
490 1 |a Komik Pendidikan Britannica 
650 1 0 |a Science   |v Comic books, strips, etc. 
650 2 0 |a Comic books, strips, etc.   |v Translations into Malay 
700 1 |a Kim, Duck Young ,   |e illustrator 
710 2 |a Bombom Bercerita   |e author 
830 0 |a Komik pendidikan Britannica 
999 |a 0000747870   |b Buku   |c Koleksi Pinjaman Kanak-Kanak   |e Perbadanan Perpustakaan Awam Melaka 
999 |a 0000747871   |b Buku   |c Koleksi Pinjaman Kanak-Kanak   |e Perbadanan Perpustakaan Awam Melaka 
999 |a 0000747872   |b Buku   |c Koleksi Pinjaman Kanak-Kanak   |e Perpustakaan Cawangan Jasin 
999 |a 0000747873   |b Buku   |c Koleksi Pinjaman Kanak-Kanak   |e Perpustakaan Cawangan Masjid Tanah 
999 |a 0000747874   |b Buku   |c Koleksi Pinjaman Kanak-Kanak   |e Perpustakaan Cawangan Merlimau